000 00548nam a22001697a 4500
003 UA-OsUOA
001 18722
007 ta
008 20040607b un ||||| |||| 00| 0 ukr d
942 _cSA
040 _aUA-OsUOA
_cUA-OsUOA
_dUA-OsUOA
245 _aВідкрий для себе ліцей
_b[Про Сарнен. екон.-прав. ліцей "Лідер"]
300 _aС.4
955 _a0
773 0 _w0
_tСарненські новини
_dСарни
_d2004
_g№54/55/20 трав./
650 7 _aКраєзнавча робота
_2UDC
999 _c304893
_d304893